1577 1006 1721 1059 1206 1114 1889 1211 1290 1608 1076 1890 1014 1670 1567 1934 1885 1576 1243 1096 1771 1328 1872 1016 1661 1035 1495 1947 1151 1234 1968 1863 1107 1457 1074 1801 1764 1505 1667 1799 1145 1064 1760 1149 1628 1630 1551 1448 1932 1008 1459 1852 1938 1860 1878 1933 1492 1664 1008 1163 1196 1233 1286 1405 1587 1224 1223 1269 1432 1766 1786 1333 1696 1530 1810 1341 1486 1754 1254 1990 1574 1887 1289 1958 1284 1031 1421 1348 1361 1821 1572 1177 1735 1831 1091 1831 1033 1462 1874 BCNSPRNW ULIB Ver.6.0+V

เปลี่ยนเป็นภาษาไทย

Change to English
 แสดงรายละเอียดบรรณานุกรม
  กลับหน้าหลัก

Brief Record : Get Marc (ISO 2709) : E-mail record : QR code < ปิดหน้าต่าง
LEADER : 00000nam 2200000uu 4500
001    13399115067
003     ULIB
008    120708s2553||||th 000 0 tha d
020    ^a9786167287089
050  4 ^aP90^bบ573ส
100 0  ^aบุญศรี ปราบณศักดิ์
245 10 ^aสารพันปัญหาและบทเรียนด้านการสื่อสารทางการแพทย์/^cบุญศรี ปราบณศักดิ์
260    ^aกรุงเทพฯ:^bธนาเพรส,^c2553
300    ^a120 หน้า
650  7 ^aการสื่อสารทางการแพทย์
945    ^p90^l0^i18109
995    ^a เกษร
999    ^aใช้งานได้ทุกระบบ
รายการนี้ยังไม่มีแท็ก
คุณยังไม่ได้ล็อกอิน คุณสามารถมีกิจกรรมร่วมกับเว็บไซต์ได้ แต่ต้องล็อกอินก่อน ::
  ล็อกอิน

รายการสื่อสารสนเทศ

ลำดับที่ ประเภท เลขเรียก/บาร์โค้ด สถานที่ สถานะ
- ไม่พบข้อมูล -

รายการใกล้เคียง
    ผู้แต่ง [บุญศรี ปราบณศักดิ์]

    หัวเรื่อง [การสื่อสารทางการแพทย์]

BibComment


ยังไม่เคยถูกคอมเมนท์

คอมเมนท์ทรัพยากรรายการนี้
  คอมเมนท์: สารพันปัญหาและบท..


 Copyright 2026. Bcnsprnw @Library